[Event "BI-2011-F-00011"]
[Site "LSS email"]
[Date "2012.02.12"]
[Round "?"]
[White "Jara, Julio Cesar"]
[Black "De Waele, Willy"]
[Result "0-1"]
[WhiteElo "1758"]
[BlackElo "2002"]
[PlyCount "57"]
[EventDate "2012.02.15"]
[EventType "tourn (corr)"]
[EventRounds "10"]
[EventCountry "GER"]
[SourceTitle "Telechess CBM 153"]
[Source "ChessBase"]
[SourceDate "2013.03.14"]
[SourceVersion "1"]
[SourceVersionDate "2013.03.14"]
[SourceQuality "1"]

1. d4 d5 2. c4 c6 3. Nf3 Nf6 4. Nc3 e6 5. e3 Nbd7 6. Bd3 dxc4 7. Bxc4 b5 8. Bd3 Bb7 9. e4 b4 10. Na4 c5 11. e5 Nd5 12. 0-0 cxd4 13. Nxd4 Nxe5 14. Bb5+ Nd7 15. Re1 Rc8 16. Qh5 g6 17. Qe5 Qf6 18. Nf3 Bg7 19. Bxd7+ Kxd7 20. Qe2 Qd8 21. a3 b3 22. Bd2 Ke7 23. Qd3 Ba8 24. Qxb3 Re8 25. Bg5+ Bf6 26. Rac1 Rxc1 27. Rxc1 Bxg5 28. Nxg5 Kf8 29. Ne4 0-1

[Event "WC-2016-P-00005"]
[Site "LSS email"]
[Date "2012.02.12"]
[Round "?"]
[White "Jara, Julio Cesar"]
[Black "Ermolaev, Maksim Andreevich"]
[Result "0-1"]
[WhiteElo "1758"]
[BlackElo "2163"]
[PlyCount "60"]
[EventDate "2012.02.15"]
[EventType "tourn (corr)"]
[EventRounds "12"]
[EventCountry "GER"]
[SourceTitle "Telechess CBM 159"]
[Source "ChessBase"]
[SourceDate "2014.03.17"]
[SourceVersion "1"]
[SourceVersionDate "2014.03.17"]
[SourceQuality "1"]
[BlackTeam "IWEC (Canada)"]

1. d4 d5 2. c4 c6 3. Nf3 e6 4. e3 Nf6 5. Nc3 Nbd7 6. Bd3 dxc4 7. Bxc4 b5 8. Bd3 Bb7 9. 0-0 a6 10. e4 c5 11. d5 Qc7 12. dxe6 fxe6 13. Bc2 c4 14. Ng5 Nc5 15. Qf3 h6 16. Qh3 0-0-0 17. Nxe6 Nxe6 18. Qxe6+ Kb8 19. Qf5 Bd6 20. Kh1 Rhf8 21. Qg6 b4 22. Ne2 c3 23. b3 Qf7 24. Nf4 Rde8 25. f3 Qc7 26. Nh3 Nxe4 27. Bxh6 gxh6 28. Bxe4 Bxe4 29. fxe4 Rxf1+ 30. Rxf1 Rd8 0-1

[Event "WC-2016-P-00005"]
[Site "LSS email"]
[Date "2012.02.12"]
[Round "?"]
[White "Jara, Julio Cesar"]
[Black "Mroczek, Jacek"]
[Result "1/2-1/2"]
[WhiteElo "1758"]
[BlackElo "2096"]
[PlyCount "55"]
[EventDate "2012.02.15"]
[EventType "tourn (corr)"]
[EventRounds "12"]
[EventCountry "GER"]
[SourceTitle "Telechess CBM 159"]
[Source "ChessBase"]
[SourceDate "2014.03.17"]
[SourceVersion "1"]
[SourceVersionDate "2014.03.17"]
[SourceQuality "1"]

1. d4 Nf6 2. c4 g6 3. Nf3 Bg7 4. Nc3 0-0 5. g3 d6 6. Bg2 Nc6 7. 0-0 a6 8. h3 Rb8 9. e4 b5 10. e5 Nd7 11. cxb5 axb5 12. Ng5 dxe5 13. Bxc6 exd4 14. Nxb5 Rb6 15. Na7 Ra6 16. Nxc8 Rxc6 17. Na7 Rb6 18. Re1 h6 19. Nf3 c5 20. a4 Qa8 21. a5 Rbb8 22. Bf4 e5 23. Bxe5 Nxe5 24. Nxe5 Bxe5 25. Rxe5 Qxa7 26. Qc1 d3 27. Qxc5 Qxc5 28. Rxc5 1/2-1/2

[Event "BI-2011-F-00011"]
[Site "LSS email"]
[Date "2012.02.12"]
[Round "?"]
[White "Jara, Julio Cesar"]
[Black "Paluch, Andrzej"]
[Result "0-1"]
[WhiteElo "1758"]
[BlackElo "1848"]
[PlyCount "48"]
[EventDate "2012.02.15"]
[EventType "tourn (corr)"]
[EventRounds "10"]
[EventCountry "GER"]
[SourceTitle "Telechess CBM 153"]
[Source "ChessBase"]
[SourceDate "2013.03.14"]
[SourceVersion "1"]
[SourceVersionDate "2013.03.14"]
[SourceQuality "1"]

1. d4 Nf6 2. Nf3 e6 3. c4 Bb4+ 4. Nbd2 b6 5. a3 Bxd2+ 6. Qxd2 Bb7 7. g3 0-0 8. Bg2 d6 9. b4 a5 10. b5 Nbd7 11. 0-0 Qe7 12. Bb2 h6 13. Rac1 Ne4 14. Qc2 f5 15. Nh4 Qf7 16. d5 g5 17. dxe6 Qxe6 18. Nf3 Qg6 19. Nd4 Ne5 20. Nb3 Rae8 21. f3 Nf6 22. Nd4 Nh5 23. e3 f4 24. Qxg6+ Nxg6 0-1

[Event "WC-2016-P-00005"]
[Site "LSS email"]
[Date "2012.02.12"]
[Round "?"]
[White "Jara, Julio Cesar"]
[Black "Sciarretta, Robert W"]
[Result "0-1"]
[WhiteElo "1758"]
[BlackElo "2154"]
[PlyCount "94"]
[EventDate "2012.02.15"]
[EventType "tourn (corr)"]
[EventRounds "12"]
[EventCountry "GER"]
[SourceTitle "Telechess CBM 159"]
[Source "ChessBase"]
[SourceDate "2014.03.17"]
[SourceVersion "1"]
[SourceVersionDate "2014.03.17"]
[SourceQuality "1"]

1. d4 Nf6 2. Nf3 e6 3. c4 d5 4. Nc3 Be7 5. Bg5 h6 6. Bh4 Nbd7 7. e3 0-0 8. Qc2 c5 9. Rd1 b6 10. dxc5 Nxc5 11. Bxf6 Bxf6 12. cxd5 Bxc3+ 13. Qxc3 exd5 14. Be2 Re8 15. 0-0 Bb7 16. Rc1 Rc8 17. b4 Ne4 18. Qb2 Qe7 19. Nd4 Nd6 20. Rfd1 Nc4 21. Qb3 a6 22. a4 Nd6 23. b5 axb5 24. Bxb5 Rxc1 25. Rxc1 Rc8 26. Rxc8+ Nxc8 27. h3 Qc5 28. Qd1 Nd6 29. Qg4 Qc1+ 30. Kh2 Qc7 31. Qg3 g6 32. Bd3 Kh7 33. h4 h5 34. Qf4 Kg8 35. Nf3 Ne8 36. Ne5 Kg7 37. g3 Nd6 38. Qd4 Kg8 39. Nxg6 fxg6 40. Qf6 d4 41. Qxg6+ Kf8 42. Qh6+ Ke7 43. Qg5+ Ke6 44. Qg6+ Kd7 45. Qg7+ Kd8 46. Qh8+ Kd7 47. Qh7+ Kd8 0-1

[Event "BI-2011-F-00011"]
[Site "LSS email"]
[Date "2012.02.12"]
[Round "?"]
[White "Sukhorskij, Vladimir Stanislavo"]
[Black "Jara, Julio Cesar"]
[Result "1-0"]
[WhiteElo "2113"]
[BlackElo "1758"]
[PlyCount "63"]
[EventDate "2012.02.15"]
[EventType "tourn (corr)"]
[EventRounds "10"]
[EventCountry "GER"]
[SourceTitle "Telechess CBM 153"]
[Source "ChessBase"]
[SourceDate "2013.03.14"]
[SourceVersion "1"]
[SourceVersionDate "2013.03.14"]
[SourceQuality "1"]

1. d4 Nf6 2. c4 e6 3. Nf3 d5 4. g3 dxc4 5. Bg2 Bb4+ 6. Bd2 a5 7. Qc2 Bxd2+ 8. Qxd2 0-0 9. Ne5 Nd5 10. Nxc4 b6 11. 0-0 Ba6 12. b3 Nc6 13. Rd1 Qe7 14. Nc3 Rfd8 15. Bf3 Ncb4 16. Nxd5 Nxd5 17. Ne5 Bb7 18. Rac1 Rac8 19. e3 Rd6 20. Qb2 Qf8 21. a3 Rdd8 22. Rd2 Qe7 23. Nc4 Qd7 24. Be4 Qe8 25. Qc2 Kh8 26. Bg2 Kg8 27. Qb2 Qd7 28. Rdc2 f6 29. e4 Ne7 30. Rd2 Ng6 31. Qc2 Qe7 32. d5 1-0

[Event "CP-2010-Q-00007"]
[Site "LSS email"]
[Date "2012.01.15"]
[Round "?"]
[White "Jara, Julio Cesar"]
[Black "Carroll, Patrick J"]
[Result "0-1"]
[WhiteElo "1758"]
[BlackElo "2080"]
[PlyCount "58"]
[EventDate "2012.01.20"]
[EventType "tourn (corr)"]
[EventRounds "6"]
[EventCountry "GER"]
[SourceTitle "Telechess CBM 159"]
[Source "ChessBase"]
[SourceDate "2014.03.17"]
[SourceVersion "1"]
[SourceVersionDate "2014.03.17"]
[SourceQuality "1"]

1. d4 Nf6 2. Bf4 c5 3. d5 Qb6 4. Bc1 e6 5. Nc3 exd5 6. Nxd5 Nxd5 7. Qxd5 Nc6 8. e4 d6 9. Qd2 Be7 10. Ne2 0-0 11. Nc3 Be6 12. Nd5 Bxd5 13. Qxd5 Nb4 14. Qd1 Qc6 15. f3 d5 16. c3 dxe4 17. cxb4 Rad8 18. Qc2 exf3 19. h4 Bf6 20. Kf2 Bd4+ 21. Kg3 Rd6 22. Bg5 h6 23. gxf3 hxg5 24. hxg5 Be5+ 25. Kg2 Rfd8 26. Be2 Rg6 27. Qf5 Rd2 28. Qxe5 Re6 29. Qxc5 Rexe2+ 0-1

[Event "CP-2010-Q-00007"]
[Site "LSS email"]
[Date "2012.01.15"]
[Round "?"]
[White "Jara, Julio Cesar"]
[Black "Mason, Ian C"]
[Result "0-1"]
[WhiteElo "1758"]
[BlackElo "2180"]
[PlyCount "52"]
[EventDate "2012.01.20"]
[EventType "tourn (corr)"]
[EventRounds "6"]
[EventCountry "GER"]
[SourceTitle "Telechess CBM 159"]
[Source "ChessBase"]
[SourceDate "2014.03.17"]
[SourceVersion "1"]
[SourceVersionDate "2014.03.17"]
[SourceQuality "1"]

1. d4 Nf6 2. Bf4 e6 3. e3 b6 4. Nf3 Bb7 5. h3 c5 6. c3 Be7 7. Nbd2 0-0 8. Bd3 cxd4 9. exd4 d6 10. 0-0 Nbd7 11. Bh2 Re8 12. Qe2 a6 13. Rfe1 Qc7 14. Rac1 Bf8 15. a4 Qc6 16. Nc4 g6 17. Ra1 Nd5 18. Qc2 N7f6 19. Qd2 Rac8 20. Ne3 Nxe3 21. Qxe3 Bg7 22. Qd2 Rcd8 23. Qe2 Qc8 24. Qd1 Qa8 25. Bf1 e5 26. dxe5 dxe5 0-1

[Event "RA-2011-0-00167"]
[Site "LSS email"]
[Date "2011.11.26"]
[Round "?"]
[White "Schlotterbeck, Peter"]
[Black "Jara, Julio Cesar"]
[Result "1-0"]
[WhiteElo "2117"]
[BlackElo "2003"]
[PlyCount "71"]
[EventDate "2011.11.12"]
[EventType "tourn (corr)"]
[EventRounds "6"]
[EventCountry "GER"]
[SourceTitle "Telechess CBM 157"]
[Source "ChessBase"]
[SourceDate "2013.11.12"]
[SourceVersion "1"]
[SourceVersionDate "2013.11.12"]
[SourceQuality "1"]

1. d4 d5 2. c4 dxc4 3. Nf3 Nf6 4. e3 e6 5. Bxc4 a6 6. 0-0 c5 7. a4 Nc6 8. Nc3 Qc7 9. d5 Nb4 10. e4 exd5 11. Nxd5 Nbxd5 12. exd5 Be7 13. Qd3 0-0 14. Re1 Bg4 15. Bg5 Rad8 16. Ne5 Be6 17. dxe6 Rxd3 18. exf7+ Kh8 19. Nxd3 Bd6 20. g3 b5 21. axb5 axb5 22. Be6 c4 23. Nf4 Qc5 24. h4 Qc7 25. Rad1 Bb4 26. Re2 Bd6 27. h5 Qc5 28. Nd5 Nxh5 29. g4 Nf6 30. Nxf6 Qxg5 31. Nd7 Rxf7 32. Rxd6 Re7 33. Rb6 g6 34. Rb8+ Kg7 35. Re5 Qc1+ 36. Kg2 1-0

[Event "WC-2011-F-00006"]
[Site "LSS email"]
[Date "2011.11.23"]
[Round "?"]
[White "Hrvacic, Pavle"]
[Black "Jara, Julio Cesar"]
[Result "1-0"]
[WhiteElo "1653"]
[BlackElo "1758"]
[PlyCount "93"]
[EventDate "2011.12.01"]
[EventType "tourn (corr)"]
[EventRounds "14"]
[EventCountry "GER"]
[SourceTitle "Telechess CBM 163"]
[Source "ChessBase"]
[SourceDate "2014.11.11"]
[SourceVersion "2"]
[SourceVersionDate "2014.11.11"]
[SourceQuality "1"]

1. e4 c5 2. c3 d5 3. exd5 Qxd5 4. d4 Nc6 5. Nf3 Nf6 6. Be2 Bf5 7. 0-0 e6 8. Qa4 Nd7 9. Be3 a6 10. c4 Qd6 11. Rd1 Be7 12. Nc3 0-0 13. dxc5 Qc7 14. Qa3 Nce5 15. Nxe5 Nxe5 16. Rd2 Rad8 17. Rad1 Rxd2 18. Rxd2 Rd8 19. Rxd8+ Qxd8 20. Qb4 Qd7 21. h3 Bc2 22. b3 Nc6 23. Qa3 Nd4 24. Bf1 Nf5 25. Qc1 Nxe3 26. Qxe3 a5 27. Nb5 h6 28. Be2 Qc6 29. Nd4 Qe4 30. Bf3 Qxe3 31. fxe3 Bb1 32. c6 bxc6 33. Nxc6 Bc5 34. Kf2 Bxa2 35. Nxa5 Kf8 36. Bd1 Bb1 37. Nc6 Be4 38. Nb8 Ba3 39. g3 g6 40. Na6 Bb7 41. Nc7 e5 42. Bf3 e4 43. Nb5 Bb4 44. Bg2 h5 45. Nd4 Ke7 46. Nc2 Bc6 47. Nxb4 1-0

[Event "WC-2011-F-00006"]
[Site "LSS email"]
[Date "2011.11.23"]
[Round "?"]
[White "Kroes, Friso"]
[Black "Jara, Julio Cesar"]
[Result "1-0"]
[WhiteElo "1675"]
[BlackElo "1758"]
[PlyCount "46"]
[EventDate "2011.12.01"]
[EventType "tourn (corr)"]
[EventRounds "14"]
[EventCountry "GER"]
[SourceTitle "Telechess CBM 163"]
[Source "ChessBase"]
[SourceDate "2014.11.11"]
[SourceVersion "2"]
[SourceVersionDate "2014.11.11"]
[SourceQuality "1"]

1. d4 Nf6 2. c4 e6 3. Nf3 Be7 4. Nc3 d5 5. Bg5 h6 6. Bh4 0-0 7. Rc1 dxc4 8. e3 c5 9. dxc5 Qxd1+ 10. Rxd1 Nbd7 11. Bxc4 Bxc5 12. Ke2 a6 13. Bd3 b5 14. Ne4 Be7 15. Bb1 Rd8 16. Nxf6+ Nxf6 17. Bxf6 Rxd1 18. Rxd1 Bxf6 19. Be4 Ra7 20. Rc1 Bd7 21. Nd4 g6 22. Rc2 Kg7 23. b3 Kh7 1-0

[Event "OP-2011-0-01897"]
[Site "LSS email"]
[Date "2011.11.23"]
[Round "?"]
[White "Perez, Giorgio"]
[Black "Jara, Julio Cesar"]
[Result "1/2-1/2"]
[WhiteElo "1793"]
[BlackElo "2003"]
[PlyCount "58"]
[EventDate "2011.11.21"]
[EventType "tourn (corr)"]
[EventRounds "4"]
[EventCountry "GER"]
[SourceTitle "Telechess CBM 157"]
[Source "ChessBase"]
[SourceDate "2013.11.12"]
[SourceVersion "1"]
[SourceVersionDate "2013.11.12"]
[SourceQuality "1"]

1. d4 Nf6 2. c4 e6 3. Nc3 d5 4. Bg5 Be7 5. e3 Nbd7 6. Nf3 h6 7. Bh4 dxc4 8. Bxc4 a6 9. a4 0-0 10. 0-0 c5 11. Qe2 cxd4 12. exd4 Nb6 13. Bb3 Bd7 14. a5 Nbd5 15. Nxd5 Nxd5 16. Bxd5 Bxh4 17. Bxb7 Bb5 18. Qe4 Ra7 19. Nxh4 Qc7 20. Bxa6 Rxa6 21. Rfc1 Rxa5 22. Rab1 Qd6 23. Nf3 Ra4 24. Rc3 Rb4 25. Qe5 Qxe5 26. dxe5 Be2 27. Re3 Bxf3 28. Rxf3 Rfb8 29. b3 Re4 1/2-1/2

[Event "RA-2011-0-00162"]
[Site "LSS email"]
[Date "2011.11.12"]
[Round "?"]
[White "Teverovski, Bogoljub"]
[Black "Jara, Julio Cesar"]
[Result "1/2-1/2"]
[WhiteElo "2063"]
[BlackElo "2003"]
[PlyCount "76"]
[EventDate "2011.10.30"]
[EventType "tourn (corr)"]
[EventRounds "6"]
[EventCountry "GER"]
[SourceTitle "Telechess CBM 157"]
[Source "ChessBase"]
[SourceDate "2013.11.12"]
[SourceVersion "1"]
[SourceVersionDate "2013.11.12"]
[SourceQuality "1"]

1. d4 d5 2. c4 e6 3. Nf3 Nf6 4. g3 dxc4 5. Bg2 Bb4+ 6. Bd2 a5 7. 0-0 Nc6 8. e3 0-0 9. Qe2 e5 10. Nxe5 Nxe5 11. dxe5 Ng4 12. f4 Bf5 13. e4 Qd4+ 14. Kh1 Bc8 15. Nc3 Bc5 16. h3 Nf2+ 17. Kh2 Rd8 18. Nd5 Qxb2 19. Qxc4 Nxe4 20. Qxe4 c6 21. Rab1 cxd5 22. Qxh7+ Kxh7 23. Rxb2 b6 24. Rd1 Ba6 25. Be1 Bc4 26. g4 b5 27. Bh4 Rd7 28. Be4+ Kg8 29. Kg2 a4 30. Rc2 Bf8 31. Rcd2 Bb4 32. Bxd5 Rc8 33. Rd4 Bc3 34. e6 Rd6 35. Bxc4 Rxd4 36. Rxd4 Bxd4 37. Bxb5 Rc2+ 38. Kf1 fxe6 1/2-1/2

[Event "CP-2011-P-00063"]
[Site "LSS email"]
[Date "2011.09.30"]
[Round "?"]
[White "Wosch, Arkadiusz Janusz"]
[Black "Jara, Julio Cesar"]
[Result "1-0"]
[WhiteElo "2215"]
[BlackElo "1758"]
[PlyCount "73"]
[EventDate "2011.10.01"]
[EventType "tourn (corr)"]
[EventRounds "6"]
[EventCountry "GER"]
[SourceTitle "Telechess CBM 165"]
[Source "ChessBase"]
[SourceDate "2015.03.11"]
[SourceVersion "1"]
[SourceVersionDate "2015.03.11"]
[SourceQuality "1"]

1. e4 c5 2. Nf3 d6 3. d4 cxd4 4. Nxd4 Nf6 5. Nc3 a6 6. Be3 e5 7. Nb3 Be6 8. f3 Be7 9. Qd2 h5 10. 0-0-0 Nbd7 11. Kb1 b5 12. a3 Qc7 13. Nd5 Nxd5 14. exd5 Bf5 15. Bd3 Bxd3 16. Qxd3 Rc8 17. Rhe1 0-0 18. Bd2 Rfe8 19. g3 Nf6 20. Na5 g6 21. h3 Qd7 22. g4 Rc5 23. g5 Rxd5 24. Qb3 Bd8 25. gxf6 Rxd2 26. Rxd2 Bxa5 27. c3 Qf5+ 28. Kc1 Bc7 29. Qd5 Qxf6 30. Qc6 Re7 31. Qxa6 Qxf3 32. Qxb5 Qxh3 33. a4 e4 34. Rde2 h4 35. Qc6 Qf3 36. a5 d5 37. Qxd5 1-0

[Event "OP-2011-0-01786"]
[Site "LSS email"]
[Date "2011.09.23"]
[Round "?"]
[White "Lewis, Jerome A"]
[Black "Jara, Julio Cesar"]
[Result "0-1"]
[WhiteElo "1128"]
[BlackElo "2003"]
[PlyCount "66"]
[EventDate "2011.09.20"]
[EventType "tourn (corr)"]
[EventRounds "4"]
[EventCountry "GER"]
[SourceTitle "Telechess CBM 157"]
[Source "ChessBase"]
[SourceDate "2013.11.12"]
[SourceVersion "1"]
[SourceVersionDate "2013.11.12"]
[SourceQuality "1"]

1. d4 Nf6 2. Nc3 d5 3. Bg5 Nbd7 4. Qd3 e6 5. e4 dxe4 6. Nxe4 Be7 7. Nxf6+ Nxf6 8. Nf3 0-0 9. Be2 b6 10. 0-0-0 Bb7 11. h4 c5 12. Kb1 Qc7 13. Bxf6 Bxf6 14. Ng5 g6 15. Nxh7 Kxh7 16. h5 Kg7 17. hxg6 fxg6 18. Qh3 Rh8 19. Qg4 Bxd4 20. Bd3 Qf7 21. f3 Rad8 22. Rh3 Qf6 23. Rdh1 Bxb2 24. Rxh8 Rxh8 25. Rxh8 Kxh8 26. Bxg6 Ba1 27. Qh5+ Kg7 28. Qh7+ Kf8 29. Qh6+ Ke7 30. Qh7+ Kd6 31. Qh2+ Be5 32. Qh5 Qf4 33. Qh1 Qb4+ 0-1

[Event "OP-2011-0-01785"]
[Site "LSS email"]
[Date "2011.09.23"]
[Round "?"]
[White "Linart, Ludvik"]
[Black "Jara, Julio Cesar"]
[Result "0-1"]
[WhiteElo "852"]
[BlackElo "2003"]
[PlyCount "46"]
[EventDate "2011.09.20"]
[EventType "tourn (corr)"]
[EventRounds "4"]
[EventCountry "GER"]
[SourceTitle "Telechess CBM 157"]
[Source "ChessBase"]
[SourceDate "2013.11.12"]
[SourceVersion "1"]
[SourceVersionDate "2013.11.12"]
[SourceQuality "1"]

1. e4 c5 2. Nc3 d6 3. Nf3 Nf6 4. Be2 g6 5. 0-0 Bg7 6. d3 Nc6 7. Re1 0-0 8. Bf1 Nd4 9. Nxd4 cxd4 10. Ne2 e5 11. c4 a5 12. Bd2 Nd7 13. f4 Nc5 14. Qc2 f5 15. b4 axb4 16. Bxb4 fxe4 17. Bxc5 exd3 18. Qxd3 dxc5 19. fxe5 Bf5 20. Qd2 d3 21. Nf4 Bxe5 22. Rxe5 Qd4+ 23. Qe3 Qxa1 0-1

[Event "RB-2011-0-00129"]
[Site "LSS email"]
[Date "2011.08.24"]
[Round "?"]
[White "Cardoso Garcia, Sergio"]
[Black "Jara, Julio Cesar"]
[Result "0-1"]
[WhiteElo "2005"]
[BlackElo "2003"]
[PlyCount "100"]
[EventDate "2011.08.01"]
[EventType "tourn (corr)"]
[EventRounds "6"]
[EventCountry "GER"]
[SourceTitle "Telechess CBM 157"]
[Source "ChessBase"]
[SourceDate "2013.11.12"]
[SourceVersion "1"]
[SourceVersionDate "2013.11.12"]
[SourceQuality "1"]

1. e4 c5 2. Nf3 d6 3. d4 cxd4 4. Nxd4 Nf6 5. Nc3 e5 6. Ndb5 a6 7. Na3 b5 8. Nd5 Nxe4 9. Qf3 f5 10. Bd3 Nc6 11. Bxe4 fxe4 12. Qxe4 Bb7 13. Be3 Rb8 14. Bb6 Qg5 15. f4 Qh5 16. fxe5 Ne7 17. Nc7+ Kd7 18. Qd4 Nc6 19. e6+ Kc8 20. Qe3 Qe5 21. c4 Qxe3+ 22. Bxe3 Kxc7 23. cxb5 Nb4 24. 0-0 Re8 25. Rf7+ Kb8 26. Rc1 Be7 27. bxa6 Bxa6 28. Rc3 Nd5 29. Rb3+ Kc8 30. Bd4 h5 31. Bxg7 Rh7 32. h3 Rg8 33. Bd4 Rh6 34. Ba7 Rg5 35. Rxe7 Nxe7 36. Be3 Rhg6 37. Bxg5 Rxg5 38. Kf2 Rg6 39. g3 Rxe6 40. Re3 Rf6+ 41. Rf3 Rg6 42. Nc2 Nc6 43. Ra3 Bb7 44. Rc3 Kd7 45. b4 Ne5 46. Nd4 Be4 47. Ne2 d5 48. a3 Rg8 49. Kg1 h4 50. g4 Nf3+ 0-1

[Event "RB-2011-0-00129"]
[Site "LSS email"]
[Date "2011.08.24"]
[Round "?"]
[White "Jara, Julio Cesar"]
[Black "Janosi, Ervin"]
[Result "1/2-1/2"]
[WhiteElo "2003"]
[BlackElo "2120"]
[PlyCount "87"]
[EventDate "2011.08.01"]
[EventType "tourn (corr)"]
[EventRounds "6"]
[EventCountry "GER"]
[SourceTitle "Telechess CBM 157"]
[Source "ChessBase"]
[SourceDate "2013.11.12"]
[SourceVersion "1"]
[SourceVersionDate "2013.11.12"]
[SourceQuality "1"]

1. d4 Nf6 2. c4 e6 3. Nc3 Bb4 4. Qc2 0-0 5. a3 Bxc3+ 6. Qxc3 b6 7. Bg5 Bb7 8. f3 h6 9. Bh4 d5 10. e3 Nbd7 11. cxd5 Nxd5 12. Bxd8 Nxc3 13. Bh4 Nd5 14. Bf2 Rfd8 15. e4 Ne7 16. 0-0-0 Rac8 17. Ne2 c5 18. Nc3 cxd4 19. Rxd4 Nc6 20. Rd1 Ndb8 21. Rxd8+ Rxd8 22. Bg3 Nd4 23. Bc4 Ba6 24. Bxa6 Nxa6 25. Rd1 Nc5 26. b4 Ncb3+ 27. Kb2 Rc8 28. Bf2 Rc4 29. e5 a5 30. bxa5 bxa5 31. Ne4 g5 32. Bxd4 Nxd4 33. Nd6 Rc2+ 34. Kb1 Rxg2 35. Rxd4 Rxh2 36. Kc1 Rf2 37. Rd3 Kg7 38. Kd1 Kg6 39. Ke1 Rc2 40. Rb3 Rc5 41. Re3 h5 42. Kf2 Rc2+ 43. Re2 Rc3 44. Re3 1/2-1/2

[Event "RB-2011-0-00125"]
[Site "LSS email"]
[Date "2011.08.02"]
[Round "?"]
[White "Jara, Julio Cesar"]
[Black "Buehler, Michael"]
[Result "1-0"]
[WhiteElo "2037"]
[BlackElo "1979"]
[PlyCount "45"]
[EventDate "2011.07.09"]
[EventType "tourn (corr)"]
[EventRounds "6"]
[EventCountry "GER"]
[SourceTitle "Telechess CBM 151"]
[Source "ChessBase"]
[SourceDate "2012.11.13"]
[SourceVersion "1"]
[SourceVersionDate "2012.11.13"]
[SourceQuality "1"]

1. d4 Nf6 2. c4 c5 3. d5 b5 4. cxb5 a6 5. b6 d6 6. Nc3 g6 7. h3 Bg7 8. Nf3 0-0 9. e4 Nbd7 10. Be2 Nxb6 11. 0-0 e6 12. dxe6 Bxe6 13. a4 a5 14. Be3 Qe7 15. Re1 d5 16. e5 Ne4 17. Qc1 Nxc3 18. bxc3 Rfe8 19. Bh6 Bh8 20. Bg5 Qc7 21. Bf6 Bxf6 22. exf6 Qd6 23. Qh6 1-0